000 00585nam a2200193 4500
003 OSt
005 20240708014953.0
006 a
008 240708b |||||||| |||| 00| 0 eng d
040 _aDWCL-HMN lib.
_cOC
082 _aCirc. 613 G946 2006
110 _aAgency for Healthcare Research and Quality
245 _aThe guide to clinical preventive services /
260 _aS.l. :
_bThe Agency,
_cc2006.
300 _axii,
_b212 p. ;
_c18 cm.
504 _aIncludes bibliographical references and index.
650 _a1. Preventive medicine.
942 _2ddc
_n0
_cBK-CIRC
_kCirc.
999 _c2072
_d2072